Normal view
MARC view
Entry Personal Name
001 - CONTROL NUMBER
- control field: 241222
003 - CONTROL NUMBER IDENTIFIER
- control field: OSt
005 - DATE AND TIME OF LATEST TRANSACTION
- control field: 20251003102109.0
008 - FIXED-LENGTH DATA ELEMENTS
- fixed length control field: 251003|| aca||aabn | a|a d
040 ## - CATALOGING SOURCE
- Original cataloging agency: OSt
- Transcribing agency: OSt
100 ## - HEADING--PERSONAL NAME
- Personal name: MAITRA (Amit).
- Dates associated with a name: ಮಿತ್ರ (ಅಮಿತ್)
670 ## - SOURCE DATA FOUND
- Source citation: Work cat.: (OSt)113976: MITRA (Shambu) ಮಿತ್ರ (ಶಂಭು) 241219, Kurudu kanchana., 1981